Animal waste management; គ្រប់គ្រងកាកសំណល់សត្វ (Record no. 9476)

000 -LEADER
fixed length control field 00290nam a22001097a 4500
040 ## - CATALOGING SOURCE
Transcribing agency SK
082 ## - DEWEY DECIMAL CLASSIFICATION NUMBER
Classification number 628
100 ## - MAIN ENTRY--AUTHOR NAME
Personal name ព្រំ ដន
245 ## - TITLE STATEMENT
Title Animal waste management; គ្រប់គ្រងកាកសំណល់សត្វ
260 ## - PUBLICATION, DISTRIBUTION, ETC. (IMPRINT)
Place of publication RUA
Name of publisher ព្រំ
Year of publication NA
942 ## - ADDED ENTRY ELEMENTS (KOHA)
Koha item type សៀវភៅភាសាអង់គ្លេស
952 ## - LOCATION AND ITEM INFORMATION (KOHA)
Withdrawn status [LOCAL, KOHA] 0
Holdings
Koha item type Barcode Lost status Permanent Location Current Location Date acquired Full call number
សៀវភៅភាសាអង់គ្លេសRUA44254 Library Block CLibrary Block C2016-09-01628 ព្រំ NA
មជ្ឈមណ្ឌលឯការនៃសាកលវិទ្យាល័យភូមិន្ទកសិកម្មចំការដូង

Powered by Koha